| 000 | 00425nam a2200145Ia 4500 | ||
|---|---|---|---|
| 008 | 211109s9999||||xx |||||||||||||| ||und|| | ||
| 082 |
_a894.8123 _bMUK-M |
||
| 100 | _aMukundan, M | ||
| 245 | 0 | _aMayyazhipuzhayute Theerangalil | |
| 260 |
_bDC Books _aKottayam _c2000 |
||
| 300 | _a323p. | ||
| 630 | _xGENERAL STACK | ||
| 650 |
_aMalayalam Literature _vMalayalam Fiction _xMalayalam NovelsShort StoriesGeneralia |
||
| 942 | _cBOOK | ||
| 999 |
_c47196 _d47196 |
||